000 00926nam a22002897a 4500
001 BR8305900
003 BR-BrBNA
005 20230928091817.0
007 ta
008 230509b bl.||||| |||| 00| 0 por d
040 _aBR-BrBNA
_bpor
_cBiblioteca Nacional de Agricultura
041 _a(Por)
072 _aE14
_b/G514
090 _ E14 BR8305900
110 1 _aProjeto Nordeste, Recife, PE (Brasil)
_98080
245 1 _a1. Seminario tecnico de acompanhamento. Relatorio dos grupos de estudo sobre os trabalhos do grupo 2 (instrumentos setoriais para redefinicao de politica de desenvolvimento rural do nordeste)
260 3 _aRecife, PE (Brasil):
_c1983.
300 _a24 p.
650 _aDESENVOLVIMENTO ECONOMICO
650 _aPOLITICA AGRARIA
650 _aCREDITO RURAL
650 _aCOMERCIALIZACAO
650 _aENSINO
650 _aSAUDE PUBLICA
909 _a202309
_bLucia
_c55
_dLucia Elande
942 _cBK
999 _c35643
_d35643